Fr. Conceicao Rodrigues College of Engineering

Basic Road Transport Statisties (Record no. 29143)

MARC details
000 -LEADER
fixed length control field 00273nam a2200121Ia 4500
082 ## - DEWEY DECIMAL CLASSIFICATION NUMBER
Classification number 388.3
100 ## - MAIN ENTRY--PERSONAL NAME
Personal name Motor Vehicles Dept.
245 ## - TITLE STATEMENT
Title Basic Road Transport Statisties
260 ## - PUBLICATION, DISTRIBUTION, ETC.
Name of publisher, distributor, etc. Maharashtra Govt.
Place of publication, distribution, etc. Bombay
Date of publication, distribution, etc. 1986
300 ## - PHYSICAL DESCRIPTION
Extent 96
546 ## - LANGUAGE NOTE
Language note ENGLISH
942 ## - ADDED ENTRY ELEMENTS (KOHA)
Koha item type Reference Book
Holdings
Withdrawn status Lost status Damaged status Not for loan Collection Home library Current library Shelving location Date acquired Total Checkouts Full call number Barcode Date last seen Price effective from Koha item type
        AFT Fr. Agnel's C.Rodrigues College of Engineering Fr. Agnel's C.Rodrigues College of Engineering   17/03/2023   388.3 AFT5099 17/03/2023 17/03/2023 Reference Book